शारीरिक शिक्षा और खेलकूद / (Record no. 119112)

MARC details
000 -LEADER
fixed length control field 01206nam a22002537a 4500
005 - DATE AND TIME OF LATEST TRANSACTION
control field 20170124103127.0
010 ## - LIBRARY OF CONGRESS CONTROL NUMBER
LC control number B-073038
020 ## - INTERNATIONAL STANDARD BOOK NUMBER
Terms of availability 600.00
035 ## - SYSTEM CONTROL NUMBER
System control number B-073038
037 ## - SOURCE OF ACQUISITION
Source of stock number/acquisition Cen Lib/Ret
040 ## - CATALOGING SOURCE
Original cataloging agency DPL
Language of cataloging HN
082 ## - DEWEY DECIMAL CLASSIFICATION NUMBER
Classification number 796.07
Item number थानीयो
100 ## - MAIN ENTRY--PERSONAL NAME
Personal name थानी, योगराज
9 (RLIN) 83409
245 ## - TITLE STATEMENT
Title शारीरिक शिक्षा और खेलकूद /
Statement of responsibility, etc योगराज थानीयो
246 ## - VARYING FORM OF TITLE
Title proper/short title Sharirik shiksha or khelkood /
Remainder of title by Yograj Thani
260 ## - PUBLICATION, DISTRIBUTION, ETC. (IMPRINT)
Place of publication, distribution, etc दिल्ली
Name of publisher, distributor, etc खेल साहित्य केंद्र
Date of publication, distribution, etc 2003
270 ## - ADDRESS
City दिल्ली
Address व्ब्ल्यु.पी-४७४, प्रथम मंजिल, शिव मार्किट अशोक विहार
Postal code 110052
300 ## - PHYSICAL DESCRIPTION
Extent 406पृ.
Dimensions 20सेमी(सजिल्द )
650 ## - SUBJECT ADDED ENTRY--TOPICAL TERM
Topical term or geographic name as entry element शारीरिक शिक्षा
General subdivision
Geographic subdivision
9 (RLIN) 83410
650 ## - SUBJECT ADDED ENTRY--TOPICAL TERM
Topical term or geographic name as entry element शारीरिक शिक्षा --खेखेल मनोविज्ञान
9 (RLIN) 83411
650 ## - SUBJECT ADDED ENTRY--TOPICAL TERM
Topical term or geographic name as entry element physical education
9 (RLIN) 22886
650 ## - SUBJECT ADDED ENTRY--TOPICAL TERM
Topical term or geographic name as entry element Physical Education Psychology --games
9 (RLIN) 83412
942 ## - ADDED ENTRY ELEMENTS (KOHA)
Source of classification or shelving scheme Dewey Decimal Classification
Koha item type Hindi Books
Classification part 796.07
Call number suffix थानीयो
Holdings
Withdrawn status Lost status Damaged status Not for loan Home library Current library Date acquired Source of acquisition Cost, normal purchase price Total Checkouts Full call number Barcode Date last seen Copy number Cost, replacement price Price effective from Koha item type
        Central Library Central Library 15/09/2015 Cen Lib/Ref 600.00   796.07 थानीयो B-073038 15/09/2015 1 600.00 15/09/2015 Hindi Books

© Delhi Public Library
Hit Counter
free hit counter